Slovensko distribuuje Vietnam
Dovoz textilných výrobkov a obuvi. Dodávka tovaru. Obchodovanie s Vietnamom. Rast exportu textilu a odevov na náš trh z Vietnamu. Preprava tovaru po mori.
Salvato in:
| Autore principale: | |
|---|---|
| Altri autori: | |
| Natura: | Capitolo di libro |
| Lingua: | slovacco |
| Soggetti: | |
| Tags: |
Nessun Tag, puoi essere il primo ad aggiungerne!!
|
MARC
| LEADER | 00000naa$a2200000$$$4500 | ||
|---|---|---|---|
| 001 | 0067662 | ||
| 005 | 20240502071820.2 | ||
| 041 | 0 | |a slo | |
| 044 | |a SK | ||
| 245 | 1 | 0 | |a Slovensko distribuuje Vietnam |c Heda Hansenová, Ho Thi Thu Hoa |
| 520 | |a Dovoz textilných výrobkov a obuvi. Dodávka tovaru. Obchodovanie s Vietnamom. Rast exportu textilu a odevov na náš trh z Vietnamu. Preprava tovaru po mori. | ||
| 610 | 2 | 0 | |a preprava |
| 610 | 2 | 0 | |a textil |
| 610 | 2 | 0 | |a doprava námorná |
| 610 | 2 | 0 | |a Ázia |
| 610 | 2 | 0 | |a prístavy |
| 100 | 1 | |a Hansenová, Heda | |
| 700 | 1 | |a Ho Thi Thu Hoa | |